[Event "Hessen-chB"]
[Site "Korbach"]
[Date "2013.03.29"]
[Round "4"]
[White "Buettner, Rudolf"]
[Black "Rubruck, Eberhard"]
[Result "0-1"]
[WhiteElo "1462"]
[BlackElo "1835"]
[PlyCount "51"]
[EventDate "2013.03.27"]
[EventType "swiss"]
[EventRounds "7"]
[EventCountry "GER"]
[SourceTitle "EXT 2014"]
[Source "ChessBase"]
[SourceDate "2013.11.20"]
[SourceVersion "1"]
[SourceVersionDate "2013.11.20"]
[SourceQuality "1"]

1. d4 Nf6 2. Nf3 d5 3. e3 Bf5 4. c4 c6 5. Nc3 e6 6. cxd5 exd5 7. g3 Bd6 8. Bg2 Nbd7 9. 0-0 h6 10. Nd2 0-0 11. e4 dxe4 12. Ndxe4 Nxe4 13. Nxe4 Nf6 14. Nxd6 Qxd6 15. Bf4 Qd7 16. Qd2 Nd5 17. Rad1 Rfe8 18. Rfe1 Rxe1+ 19. Rxe1 Re8 20. Rxe8+ Qxe8 21. Bxd5 cxd5 22. Be3 Qe4 23. Qe2 Qb1+ 24. Kg2 Bd3 25. Qg4 Qf1+ 26. Kf3 0-1